000 00787nam a2200217 i 4500
001 133207
003 ES-MaACL
005 20230906194340.0
007 t|
008 070214s1948 sp af |||| | cat d
100 1 _aRubió i Balaguer, Jordi.
_9100418
245 1 0 _aDe l'Edat Mitjana al Renaixement
_b: figures literàries de Catalunya i València /
_cJordi Rubió i Balaguer.
260 _aBarcelona :
_bAymá,
_c1948.
300 _a175 p., 14 lám. :
_bil. ;
_c24 cm.
490 1 _aBiblioteca Guió D'or ;
_v6
650 4 _aLiteratura catalana-
_yHasta S.XV-
_xHistoria y crítica.
_9159109
650 4 _aLiteratura catalana-
_yS.XVI-XVIII-
_xHistoria y crítica.
_9159110
830 0 _aBiblioteca Guió D'or ;
_v6
_9219709
852 _aES-MaACL
_jB-8745
999 _c133207
_d133207